000 00920nam0a22002411i 4500
001 rc\969776
005 20240726072454.0
035 _a(NLR Aleph) 006138830
090 _a5639834
_c5639834
100 _a20041129d1982 u |0rusy50 ca
101 0 _arus
102 _aRU
105 _ay |||||||||
200 1 _aАтрибутивные словосочетания в языке русской научно-технической литературы
_e(На основе текстов строит. профиля)
_eАвтореф. дис. на соиск. учен. степ. к. филол. н.
210 _aМ.
_d1982
215 _a26 с.
300 _aВ надзаг.: Ин-т рус. яз. им. А.С. Пушкина
320 _aБиблиогр.: с. 25-26
700 1 _aГомбош
_bЖ.
_gЖужанна
801 0 _aRU
_bNLR
_gpsbo
801 1 _aRU
_bELAR
_2rusmarc
852 _aNLR
_j83-4/4251
942 _cBOOK